000
002830000a22000970004500
100
1
_a
Fuller, Daniel P.
245
1
0
_a
One's future in hinduism, buddhism and islam
300
_a
Vol. 14, Núm 1 (1997), Páginas 15-25
773
0
_t
International Journal of Frontier Misions
942
_c
ANA
999
_c
55211
_d
55211